BSOP header

How to improve your preaching / (Record no. 27729)

MARC details
000 -LEADER
fixed length control field 00445nam a2200145 4500
008 - FIXED-LENGTH DATA ELEMENTS--GENERAL INFORMATION
fixed length control field 061002s1945 nyu 0 eng
090 ## - LOCALLY ASSIGNED LC-TYPE CALL NUMBER (OCLC); LOCAL CALL NUMBER (OCLC)
Classification number (OCLC) (R) ; Classification number, CALL (RLIN) (NR) BV4211
Local cutter number (OCLC) ; Book number/undivided call number, CALL (RLIN) J71h
100 1# - MAIN ENTRY--PERSONAL NAME
Personal name Jones, Bob
245 10 - TITLE STATEMENT
Title How to improve your preaching /
Statement of responsibility, etc Bob Jones.
260 ## - PUBLICATION, DISTRIBUTION, ETC. (IMPRINT)
Place of publication, distribution, etc Neww York :
Name of publisher, distributor, etc Fleming H. Revell,
Date of publication, distribution, etc c1945.
300 ## - PHYSICAL DESCRIPTION
Extent 126 p.
504 ## - BIBLIOGRAPHY, ETC. NOTE
Bibliography, etc Biblio. : pp. 123-16.
650 #4 - SUBJECT ADDED ENTRY--TOPICAL TERM
Topical term or geographic name as entry element Preaching.
951 ## - EQUIVALENCE OR CROSS-REFERENCE-GEOGRAPHIC NAME/AREA NAME [OBSOLETE] [CAN/MARC only]
General subdivision 00008086
951 ## - EQUIVALENCE OR CROSS-REFERENCE-GEOGRAPHIC NAME/AREA NAME [OBSOLETE] [CAN/MARC only]
-- 5487
-- BV4211/J71h
-- 070613111613703
-- 2000-12-21
-- GC
Holdings
Withdrawn status Lost status Damaged status Not for loan Home library Current library Shelving location Date acquired Accession number Shelving control number Total Checkouts Full call number Barcode Date last seen Price effective from Koha item type
        BSOP Library BSOP Library GC 12/21/2000 5487 127   BV4211/J71h 00008086 02/23/2013 02/23/2013 Books
BSOP

Biblical Seminary of the Philippines
  All rights Reserved
  © 2024

CONTACT INFORMATION

Biblical Seminary of the Philippines,
  77-B Karuhatan Road, Valenzuela City,
  PHILIPPINES 1441
  Phone: +632 8292-6795 / 8292-6798
  Fax : +632 8292-6675
  Email: library@bsop.edu.ph